Oru bhoomi, oru veedu, oru Thankakkutty (ഒരു ഭൂമി, ഒരു വീട്, ഒരു തങ്കകുട്ടി) (Record no. 115849)

MARC details
000 -LEADER
fixed length control field 00521 a2200157 4500
005 - DATE AND TIME OF LATEST TRANSACTION
control field 20260331132138.0
008 - FIXED-LENGTH DATA ELEMENTS--GENERAL INFORMATION
fixed length control field 260325b |||||||| |||| 00| 0 eng d
020 ## - INTERNATIONAL STANDARD BOOK NUMBER
International Standard Book Number 9789359628578
080 ## - UNIVERSAL DECIMAL CLASSIFICATION NUMBER
Universal Decimal Classification number FM
Item number PRI/O CL
100 ## - MAIN ENTRY--PERSONAL NAME
Personal name Priya, A. S.
245 ## - TITLE STATEMENT
Title Oru bhoomi, oru veedu, oru Thankakkutty (ഒരു ഭൂമി, ഒരു വീട്, ഒരു തങ്കകുട്ടി)
260 ## - PUBLICATION, DISTRIBUTION, ETC. (IMPRINT)
Name of publisher, distributor, etc Mathrubhumi books.
Place of publication, distribution, etc Kozhikode.
Date of publication, distribution, etc 2026.
300 ## - PHYSICAL DESCRIPTION
Extent 159p.
653 ## - INDEX TERM--UNCONTROLLED
Uncontrolled term Fiction-Story-Children's Literature
942 ## - ADDED ENTRY ELEMENTS (KOHA)
item type Under processing
Holdings
Lost status Source of classification or shelving scheme Not for loan Home library Current library Date acquired Cost, normal purchase price Total Checkouts Full call number Barcode Checked out Date last seen Date checked out Cost, replacement price Price effective from Koha item type
  Universal Decimal Classification   University Library University Library 16/03/2026 166.68 1 FM PRI/O CL 00097932 06/05/2026 06/04/2026 06/04/2026 250.00 16/03/2026 Children Collection
University Library, CUSAT